| 000 | 00446cam a2200169ua 4500 | ||
|---|---|---|---|
| 001 | 5901 | ||
| 008 | 131026n ii |||gr||||Z||||||eng | ||
| 040 | _cMAIN | ||
| 082 | _a305.4 | ||
| 245 | 1 | 1 |
_aWomen In Ancient Indian Tales _cBy Jagdishchandra Jain |
| 260 |
_aDelhi: _bMittal Publications, _c1987. |
||
| 300 | _avii,73p. | ||
| 653 | _aHistory | ||
| 653 | _aWomen In Ancient Indian Tales | ||
| 700 | 1 |
_aJain,Jagdishchandra, _eAuthor. |
|
| 942 | _cBK | ||
| 999 |
_c5055 _d5055 |
||